Libro de estilo / (Record no. 12008)

MARC details
000 -LEADER
campo de control de longitud fija 00918nam a2200301 i 4500
001 - NÚMERO DE CONTROL
campo de control 12008
003 - IDENTIFICADOR DE NÚMERO DE CONTROL
campo de control ES-MaACL
005 - FECHA Y HORA DE LA ÚLTIMA TRANSACCIÓN
campo de control 20250825080509.0
007 - CAMPO FIJO DE DESCRIPCIÓN FÍSICA--INFORMACIÓN GENERAL
campo de control de longitud fija t|
008 - DATOS DE LONGITUD FIJA--INFORMACIÓN GENERAL
campo de control de longitud fija 921013s1996 sp ||||0| spa d
016 7# - NÚMERO DE CONTROL DE UNA AGENCIA BIBLIOGRÁFICA NACIONAL
Número de control cancelado/no válido SIC92006072
017 ## - NÚMERO DE COPYRIGHT O DE DEPÓSITO LEGAL
Número de copyright o de depósito legal M 39804-1996
Agencia que asigna Oficina Depósito Legal Madrid
020 ## - NÚMERO INTERNACIONAL ESTÁNDAR DEL LIBRO
Número Internacional Estándar del Libro 8486459737
040 ## - FUENTE DE CATALOGACIÓN
Centro/agencia transcriptor ES-MaACL
080 ## - NÚMERO DE LA CLASIFICACIÓN DECIMAL UNIVERSAL
Número de la Clasificación Decimal Universal 070.41
110 2# - ENTRADA PRINCIPAL--NOMBRE DE ENTIDAD CORPORATIVA
9 (RLIN) 173887
Nombre de entidad corporativa o nombre de jurisdicción como elemento de entrada Ediciones El País
245 10 - MENCIÓN DEL TÍTULO
Título Libro de estilo /
Mención de responsabilidad, etc. El País
250 ## - MENCION DE EDICION
Mención de edición 13ª edición: noviembre de 1996
260 ## - PUBLICACIÓN, DISTRIBUCIÓN, ETC.
Lugar de publicación, distribución, etc. Madrid :
Nombre del editor, distribuidor, etc. EL País,
Fecha de publicación, distribución, etc. 1996
300 ## - DESCRIPCIÓN FÍSICA
Extensión 661 páginas ;
Dimensiones 23 cm.
500 ## - NOTA GENERAL
Nota general Índice
650 #4 - PUNTO DE ACCESO ADICIONAL DE MATERIA--TÉRMINO DE MATERIA
Término de materia o nombre geográfico como elemento de entrada Periodismo-
Subdivisión de forma Manuales de estilo
9 (RLIN) 15951
852 ## - LOCALIZACIÓN
Ubicación ES-MaACL
Número de control de estantería L-19340
Sublocalización o colección R.125702
Ubicación en estantería Depósito 2
itemnumber 12315
852 4# - LOCALIZACIÓN
Ubicación ES-MaACL
Número de control de estantería N-8239
Ubicación en estantería Depósito J
Donativo/Legado Donación: Editorial
Nota libre X-17
-- Duplicado
itemnumber 12314
942 ## - ELEMENTOS DE ENTRADA SECUNDARIOS (KOHA)
Tipo de ítem Koha Libro impreso
Suprimir en OPAC No
Holdings
Estatus retirado Estado de pérdida Fuente del sistema de clasificación o colocación Estado de daño Restricciones de uso No para préstamo Biblioteca de origen Biblioteca actual Ubicación en estantería Fecha de adquisición Fuente de adquisición Total de préstamos Signatura topográfica completa Código de barras Visto por última vez Tipo de ítem Koha
    Clasificación decimal universal   Duplicado   Biblioteca del Ateneo de Madrid Biblioteca del Ateneo de Madrid Depósito J 02/11/2022 Donación   N-8239 101206751 23/02/2023 Libro impreso
    Clasificación decimal universal       Biblioteca del Ateneo de Madrid Biblioteca del Ateneo de Madrid Depósito 2 17/01/2008     L-19340 1012235 23/02/2023 Libro impreso